000 01475cam a22003494a 4500
001 3102067
003 OSt
005 20150209161237.0
008 990217s1999 caua b 001 0 eng
010 _a 99012967
020 _a0804733503 (cloth : alk. paper)
020 _a0804733511 (paper : al. paper)
040 _aDLC
_cDLC
_dDLC
042 _apcc
050 0 0 _aRC607.A26
_bG626 1999
082 0 0 _aQW 551 G766h 1999
_221
100 1 _aGranich, Reuben,
_d1963-
_92753
245 1 0 _aHIV, health, and your community :
_ba guide for action /
_cReuben Granich, Jonathan Mermin ; with contributions by Suzan Goodman ; illustrations by Mona Sfeir.
246 3 0 _aHIV, health & your community
260 _aStanford, Calif. :
_bStanford University Press,
_cc1999.
300 _aix, 245 p. :
_bill. ;
_c26 cm.
504 _aIncludes bibliographical references (p. 237-238) and index.
650 0 _aAIDS (Disease)
_92595
650 0 _aCommunity health aides.
_92754
700 1 _aMermin, Jonathan,
_d1965-
_92755
856 4 1 _3Table of contents
_uhttp://www.loc.gov/catdir/toc/cam024/99012967.html
856 4 2 _3Publisher description
_uhttp://www.loc.gov/catdir/description/cam029/99012967.html
906 _a7
_bcbc
_corignew
_d1
_eocip
_f19
_gy-gencatlg
942 _2z
_cSLOAN
999 _c1022
_d1022